00874nam a22002177a 4500003001000000005001700010008004100027015001200068020001800080040003400098080002000132100004400152245003400196250001100230260004600241300002100287490002100308520026100329650003200590655003400622AR-RoUNCS20260212100359.0050606s1996 ag gr 000 f spa  aAR-1996 a950-742-762-7 aAR-BaBNbspacAR-RoUNCSeaacr1 a82-32(82)220161 aSabato, Ernesto,d1911-2011eautor4aut13aEl túnel /cErnesto Sabato. a1a ed. aBuenos Aires :bPlaneta Argentina,c1996. a158 p. ;c18 cm.0 aPlaneta Bolsillo3 aEn una trama de amor y muerte que aborda la soledad del individuo contemporáneo, el pintor Juan Pablo Castel se debate por comprender las causas que lo arrastraron a matar a la mujer que amaba, María Iribarne, y que era su única vía de salvación. 72embneaLiteratura argentina 7aNovelas experimentales2embne